000 03100nam a22003617a 4500
003 CO-ViMGA
005 20230915233132.0
008 150714b ck||||| |||| 00| 0 spa d
020 _a9789588160399
040 _aCO-ViMGA
_bspa
_cCO-ViMGA
090 _aP COBH1
100 1 0 _aCobo Borda, Juan Gustavo
_921928
245 1 0 _aHistoria de la poesia colombiana siglo XX
_bde Jose Asuncion Silva a Raul Gomez Jattin
_cJuan Gustavo Cobo Borda ; editores Benjamin Villegas ; Luis Fernando Charry ; revision de textos Stella Ferfebaum
250 _a4a. edicion
260 _aBogota
_bVillegas Editores
_c2008
300 _a543 paginas
_c21 cm.
490 _aColeccion dorada. interes general
490 _aVillegas poesia
500 _aDonacion Villegas Editores
501 _aIncluye datos biograficos del autor en la solapa
504 _aIncluye bibliografïa
505 _aHacia la poesia colombiana del siglo XX ; Al tal vez lector ; Caro y florez ; Silva vuelto a visitar ; "Salve, pujante macho" G. Valencia ; De aurelio Arturo al Nadaismo ; una propuesta de lectura ; / JoseAsuncion Silva (1865-1896) / Guillermo Valencia: tres imagenes (1873-1943) / Luis Carlos Lopez (1879-1950) / Relectura de Barba Jacob (1883-1942) / De Leon de Greiff a Eduardo Carranza (1930-1946) Denuncioa y protesta ; Reflexion y trascendencia ; El verdadero cambio ; Colombia Literaria: reaccion y progreso ; / Baldomero Sanin Cano (1889-1938) Maestro benevolo ; / Eduardo Castillo (18899-1938) / Leon de Greiff (1895-1976): uno y m�ltiple La distancia fecunda ; / Rafael Maya (1897-1980) o la tradicion conservadora / Jorge Zalambea (1905-1969), la praxis de un hombre de letras / Jorge Rojas (1911-1995) Muchos poetas, una sola creacion ; / Eduardo Carranza (1913-1985) Salvo mi corazon, todo esta bien ; / Aurelio Arturo (1906-1974) El silencio y la musica ; Una poesia anterior a la historia ; / Jorge Gaitan Duran (1925-1962) Los 42 numeros de Mito, 1955-1962 ; Lectura del Mito ; / Eduardo Cote Lamus (1928-1964) / Fernando Charry Lara (1920-2004) Fernando Arbelaez, poeta y brujo ; Rogelio Echavarria, siete transeuntes ; / Meira Del Mar (1922) El escandalo nadaista y otros poetas ; / Gonzalo Arango (1931-1976) / Mario Rivero (1935) / Jaime Jaramillo Escobar (1932) / David Mejia Velilla ](1935-2002) Canto Continuo ; iconos (1968) ; En un pais de poetas, la tradicion en crisis ; / Maria Mercedes Carranza (1945-2003) / Alvaro Miranda (1945) / Dario Jaramillo (1947) La poesia de un pais en liquidacion ; / Hector Rojas y Raul Gomez Jatti
600 1 4 _aGomez Jattin, Raul
_d1945 -1997
_vAntologias
_921930
600 1 4 _aSilva, Jose Asuncion
_d1865-1896
_vAntologias
_921929
650 1 4 _2LEMB
_a Literatura colombiana
_ySiglo XX
_92515
650 1 4 _2LEMB
_aEmociones en la literatura
_97539
650 1 4 _2LEMB
_aPoesia colombiana
_ySiglo XX
_911373
650 1 4 _2LEMB
_aViolencia en la literatura
_910741
700 1 0 _aCharry, Luis Fernando
_eeditor
_921931
700 1 0 _aFerfebaum, Stella
_921520
700 1 0 _aVillegas, Benjamin
_d1948-
_eeditor
_919960
942 _2ddc
_cBK
999 _c35526
_d35526